<?xml version="1.0" encoding="UTF-8"?>
<marc:record xmlns:marc="http://www.loc.gov/MARC21/slim">
   <marc:leader>00000nam a2200000 a 4500</marc:leader>
   <marc:datafield ind1="1" ind2=" " tag="100">
      <marc:subfield code="a">Schetar, Daniela</marc:subfield>
      <marc:subfield code="4">aut</marc:subfield>
      <marc:subfield code="e">Verfasser/-in</marc:subfield>
   </marc:datafield>
   <marc:datafield ind1=" " ind2=" " tag="653">
      <marc:subfield code="a">Reiseführer</marc:subfield>
   </marc:datafield>
   <marc:datafield ind1=" " ind2=" " tag="653">
      <marc:subfield code="a">Slowenien</marc:subfield>
   </marc:datafield>
   <marc:datafield ind1=" " ind2=" " tag="653">
      <marc:subfield code="a">Reisen</marc:subfield>
   </marc:datafield>
   <marc:datafield ind1=" " ind2=" " tag="653">
      <marc:subfield code="a">Mittelmeer</marc:subfield>
   </marc:datafield>
   <marc:datafield ind1=" " ind2=" " tag="653">
      <marc:subfield code="a">Reise &lt;Städte&gt;</marc:subfield>
   </marc:datafield>
   <marc:datafield ind1=" " ind2=" " tag="653">
      <marc:subfield code="a">Reisetipps</marc:subfield>
   </marc:datafield>
   <marc:datafield ind1="0" ind2="0" tag="245">
      <marc:subfield code="a">DUMONT Bildatlas Slowenien</marc:subfield>
   </marc:datafield>
   <marc:datafield ind1="0" ind2="0" tag="245">
      <marc:subfield code="b">Das praktische Reisemagazin zur Einstimmung</marc:subfield>
   </marc:datafield>
   <marc:datafield ind1=" " ind2="1" tag="264">
      <marc:subfield code="b">DuMont Reiseverlag</marc:subfield>
      <marc:subfield code="c">2025</marc:subfield>
   </marc:datafield>
   <marc:datafield ind1="1" ind2=" " tag="490">
      <marc:subfield code="a">DUMONT BILDATLAS</marc:subfield>
   </marc:datafield>
   <marc:datafield ind1="1" ind2=" " tag="520">
      <marc:subfield code="a">WER NACH SLOWENIEN REIST , muss sich nicht entscheiden: Meer oder Berge, unberührte Natur oder Stadtambiente, Eintauchen in Traditionen oder Moderne. Das kleine Land zwischen Alpen und Adria hat einfach alles. Und das auf vergleichsweise kleinem Raum. So kann, wer möchte, morgens in der charmanten Hauptstadt Ljubliana shoppen gehen oder auf den Spuren des Architekten Josef Plecnik wandeln, nachmittags in den Postojna-Höhlen in die geologische Unterwelt hinabsteigen, und abends ein Essen an der Uferpromenade von Piran mit Blick aufs Meer genießen. Die besten Tipps für diese und andere Aktivitäten verrät Daniela Schetar-Köthe, die dank familiärer Wurzeln Land und Leute so gut kennt wie vermutlich wenige Reisejournalisten. Slowenien ist für sie "Heimat riechen und schmecken, auch hören und verstehen". Imke Lass, die Fotografin dieses Heftes, hat mehrmals den weiten Weg von Hamburg auf sich genommen, um die schönsten Seiten von Slowenien einzufangen. 
Neu: 3 Touren durch Slowenien
Unsere Favoriten: Hütten mit Aussicht, Badespaß pur und die besten Weinkeller
Nachhaltig: umweltbewusste Unternehmungen und nachhaltiges Erleben
Urlaubserinnerungen: Spezialitäten, die noch in den Koffer passen
DUMONT Zur Sache: u.a. Interview mit dem Schrifsteller Ales Steger</marc:subfield>
   </marc:datafield>
   <marc:datafield ind1=" " ind2=" " tag="020">
      <marc:subfield code="a">9783616021614</marc:subfield>
      <marc:subfield code="9">9783616021614</marc:subfield>
   </marc:datafield>
</marc:record>
